| 000 | 00698nam a2200241Ia 4500 | ||
|---|---|---|---|
| 005 | 20260121112524.0 | ||
| 008 | 6670 260114s9999 xx 000 0 eng d | ||
| 020 | _a9789814299176 | ||
| 037 | _aEBOOK | ||
| 040 |
_aCRL _beng _cCRL |
||
| 041 |
_aeng _2eng |
||
| 084 | _qCRL | ||
| 100 |
_aHubscher Ulrich Et Al _9958963 |
||
| 245 | 0 | _aDna Polymerases: Discovery, Characterization and Functions in Cellular Dna Transactions | |
| 260 | _bWorld Scientific | ||
| 260 | _bWSPC | ||
| 260 | _c2010 | ||
| 650 |
_aLife Sciences / Biology _9958964 |
||
| 856 | _uhttps://www.worldscientific.com/worldscibooks/10.1142/7667#t=toc | ||
| 942 | _cEBOOK | ||
| 999 |
_c1543970 _d1543970 |
||